000 00474nam a2200181Ia 4500
005 20250326124531.0
008 250326s9999 xx 000 0 und d
037 _aTextbook
040 _aFMSL
_beng
_cFMSL
041 _aeng
_2eng
084 _aX:8 K9
_qFMSL
100 _aMant A
_9737548
245 0 _aExperienced manager: major resource
_cMant A
260 _aUSA
_bUSA, Hornbeam
_c1969
300 _a45p
942 _cTB
_hX:8 K9
999 _c1274081
_d1274081